Statistiques concernant Pays commençant par G

Cliquez ici pour prendre le quiz!

Statistiques générales

  • Ce quiz a été pris 116 fois
  • Le résultat moyen est 10 sur 11

Statistiques - réponses

Hint Answer % Correct
Amérique du NordGuatemala
97%
AfriqueGuinee
95%
Amérique du SudGuyana
95%
EuropeGrèce
93%
AsieGéorgie
92%
AfriqueGuinee-Equatoriale
92%
AfriqueGuinee-Bissau
91%
AfriqueGabon
90%
AfriqueGambie
90%
AfriqueGhana
89%
Amérique du NordGrenade
77%

Distribution des résultats

Percentile by Number Answered

% des personnes avec chaque résultat

Votre développement - résultats

Vous n’avez pas pris ce quiz